000 00410cam a2200169ua 4500
020 _c1.75
041 _amal
_h
082 _a894.812301
_bMOH/KA
100 _aMohammed, N.P .
245 _aKavithakal, Variyellukal /
_cN.P.Mohammed.
_hTextual Documents
260 _aThrissur :
_bCurrent Books ,
_c1959.
300 _a95 ; .
365 _a1.75
504 _a
942 _cBK
999 _c11405
_d11405